NLSUI OPAC header image

The Third World : (Record no. 15548)

MARC details
000 -LEADER
fixed length control field 00735pam a2200217 a 4500
005 - DATE AND TIME OF LATEST TRANSACTION
control field 20260409165857.0
008 - FIXED-LENGTH DATA ELEMENTS--GENERAL INFORMATION
fixed length control field 880308s1988 maua b 001 0 eng
020 ## - INTERNATIONAL STANDARD BOOK NUMBER
International Standard Book Number 9780049101210 (pbk)
082 ## - DEWEY DECIMAL CLASSIFICATION NUMBER
Classification number 330 NOR
245 04 - TITLE STATEMENT
Title The Third World :
Remainder of title states of mind and being /
Statement of responsibility, etc. edited by Jim Norwine and Alfonso Gonzalez
260 ## - PUBLICATION, DISTRIBUTION, ETC.
Place of publication, distribution, etc. Boston :
Name of publisher, distributor, etc. Unwin Hyman,
Date of publication, distribution, etc. 1988.
300 ## - PHYSICAL DESCRIPTION
Extent xi, 275 p. :
Dimensions 24 cm.
365 ## - TRADE PRICE
Price amount Rs. 936.00
650 #0 - SUBJECT ADDED ENTRY--TOPICAL TERM
Topical term or geographic name entry element Economic Conditions - Develooping Countries
650 #0 - SUBJECT ADDED ENTRY--TOPICAL TERM
Topical term or geographic name entry element Social Conditions - Developing Countries
650 #0 - SUBJECT ADDED ENTRY--TOPICAL TERM
Topical term or geographic name entry element Natural Resources - Developing Countries
650 #0 - SUBJECT ADDED ENTRY--TOPICAL TERM
Topical term or geographic name entry element Politics - Government - Developing Countries
700 1# - ADDED ENTRY--PERSONAL NAME
Personal name Norwine, Jim
700 1# - ADDED ENTRY--PERSONAL NAME
Personal name Gonzalez, Alfonso
942 ## - ADDED ENTRY ELEMENTS (KOHA)
Source of classification or shelving scheme Dewey Decimal Classification
Koha item type BOOKs
Holdings
Withdrawn status Lost status Source of classification or shelving scheme Damaged status Not for loan Home library Current library Shelving location Date acquired Cost, normal purchase price Total Checkouts Full call number Barcode Date last seen Price effective from Koha item type
    Dewey Decimal Classification     NLS NLS General Stacks 30/05/2017 936.57   330 NOR 15552 30/05/2017 30/05/2017 BOOKs